Kongzi zhuan lue. Lun yu xin bian,

Saved in:
Bibliographic Details
Main Author: Qian, Mu, 1895-
Other Authors: Confucius.
Format: Book
Language:Chinese
Published: Taibei, Guang xue she yin shu guan, Min guo 64 [1975]
Subjects:
Tags: Add Tag
No Tags, Be the first to tag this record!
LEADER 01301cam a2200361 4500
001 007724230-0
005 20024617105005.0
008 900117s1975 ch 000 0bchi
010 |a 76840414 
035 0 |a ocm43899917 
035 0 |a ocm23316929 
040 |a DLC  |c MiU  |d MoSW  |d *YNH*  |d CStRLIN 
100 1 |6 880-01  |a Qian, Mu,  |d 1895- 
245 1 0 |6 880-02  |a Kongzi zhuan lue. Lun yu xin bian,  |c Qian Mu zhu. 
260 |6 880-03  |a Taibei,  |b Guang xue she yin shu guan,  |c Min guo 64 [1975] 
300 |a 23, 4, 79, [7] p.  |c 19 cm. 
500 |a Colophon title. 
500 |a Each work has separate t.p. 
600 0 0 |a Confucius. 
600 0 0 |6 880-04  |a Confucius.  |t Lun yu.  |f 1975. 
650 0 |a Philosophers  |z China  |v Biography. 
700 1 2 |6 880-05  |a Qian, Mu,  |d 1895-  |t Lun yu xin bian.  |f 1975. 
700 0 2 |6 880-06  |a Confucius.  |t Lun yu.  |k Selections.  |f 1975. 
740 0 |6 880-07  |a Lun yu xin bian. 
880 1 |6 100-01  |a 錢穆,  |d 1895- 
880 1 0 |6 245-02  |a 孔子傳略. 論語新編,  |c 錢穆著. 
880 |6 260-03  |a 臺北,  |b 廣學社印書館,  |c 民國64 [1975] 
880 0 0 |6 600-04  |a Confucius.  |t 論語.  |f 1975. 
880 1 2 |6 700-05  |a 錢穆,  |d 1895-  |t 論語新編.  |f 1975. 
880 0 2 |6 700-06  |a Confucius.  |t 論語.  |k Selections.  |f 1975. 
880 0 |6 740-07  |a 論語新編. 
988 |a 20021102 
906 |0 DLC